| 000 | 01581nas a2200277Ia 4500 | ||
|---|---|---|---|
| 001 | R246-R2987 | ||
| 003 | IT-CnALBA | ||
| 008 | 170116c99999999xx |||||||||||| ||und|| | ||
| 040 |
_aIT-CnALBA _cIT-CnALBA |
||
| 041 | _aITALIANO | ||
| 100 | _aBERNAREGGI ADRIANO, VESCOVO DI BERGAMO. | ||
| 210 | _aARTE CRISTIANA | ||
| 222 | _aARTE CRISTIANA | ||
| 245 | 0 |
_aARTE CRISTIANA. N. I-XII. ANNO XL. 1952 _b RIVISTA MENSILE ILLUSTRATA |
|
| 250 | _a1a ed. | ||
| 260 |
_aMILANO _bAMICI ARTE CRISTIANA SOC. ED. _c1952 |
||
| 300 | _a204 p. | ||
| 310 | _aMENSILE | ||
| 362 | _aFascicolo: 1-12 / Anno: 40 (1952) | ||
| 500 | _aFASCICOLO XXX ANNIVERSARIO D'ARTE CRISTIANA BEATO ANGELICO. DISCORSO UFFICIALE DI COMMEMORAZIONE. INDICE GENERALE ANNATA 1952. TEMI DELLA RIVISTA. ARCHIVIO ARTE SACRA ANTICA E MODERNA. CHIESA PER L'ARTE SACRA. DISCUSSIONI E PROBLEMI. PEDAGOGIA ARTISTICA MODERNA. TEATRO SACRO. ANGOLO DEI SEMINARISTI. RUBRICA TECNICA. PALUMBO G. CHIESA CRIPTA DEI SANTI STEFANI A VASTE, LECCE. | ||
| 501 | _aSocietà San Paolo EM - Piazza San Paolo, 14 - 12051 ALBA (CN) (non commercial uses only) ® Copyright 2017 | ||
| 520 | _aFASCICOLO XXX ANNIVERSARIO D'ARTE CRISTIANA BEATO ANGELICO. DISCORSO UFFICIALE DI COMMEMORAZIONE. INDICE GENERALE ANNATA 1952. TEMI DELLA RIVISTA. ARCHIVIO ARTE SACRA ANTICA E MODERNA. CHIESA PER L'ARTE SACRA. DISCUSSIONI E PROBLEMI. PEDAGOGIA ARTISTICA MODERNA. TEATRO SACRO. ANGOLO DEI SEMINARISTI. RUBRICA TECNICA. PALUMBO G. CHIESA CRIPTA DEI SANTI STEFANI A VASTE, LECCE. | ||
| 650 | _aARTE CRISTIANA | ||
| 942 | _cCR | ||
| 957 | _71 | ||
| 999 |
_a13031 _bNO _g1 _c321086 _d321086 |
||